000 00527nam a2200169Ia 4500
008 100204s9999 xx 000 0 und d
082 _b27693
100 _aचेस जेम्स हेडले
245 _aमर्डर फॉर डायमंडस
250 _a0
260 _c2007
300 _a174
630 _aमर्डर फॉर डायमंडस
700 _aहुद्दार मधुकर
730 _aमर्डर फॉर डायमंडस
942 _cBOOK
999 _c472873
_d472870